[Event "Titled Tuesday intern op 16th Jan Late"]
[Site "Chess.com INT"]
[Date "2024.01.16"]
[Round "3"]
[White "Gasparyan, Davit"]
[Black "Chigaev, Maksim"]
[Result "0-1"]
[WhiteElo "2189"]
[BlackElo "2622"]
[PlyCount "92"]
[EventDate "2024.01.16"]
[EventType "swiss (blitz)"]
[EventRounds "11"]
[EventCountry "USA"]
[SourceTitle "CB04_2024"]
[SourceDate "2023.10.16"]
[SourceVersion "1"]
[SourceVersionDate "2023.10.16"]
[SourceQuality "1"]

1. Nf3 Nf6 2. g3 g6 3. Bg2 Bg7 4. 0-0 0-0 5. c4 d6 6. d3 c5 7. Nc3 Nc6 8. Rb1 Qd7 9. a3 b6 10. b4 Bb7 11. Qd2 Rfd8 12. b5 Ne5 13. e4 Nxf3+ 14. Bxf3 Ng4 15. Bb2 a6 16. bxa6 Rxa6 17. h3 Ne5 18. Bg2 Qxh3 19. Nd5 Qd7 20. f4 Nc6 21. Bxg7 Kxg7 22. Nxb6 Qe8 23. Nd5 Rd7 24. f5 f6 25. fxg6 hxg6 26. Bh3 Ne5 27. Bxd7 Qxd7 28. Rb3 Bxd5 29. cxd5 Qh3 30. d4 cxd4 31. Qxd4 Ra8 32. Qf2 Rh8 33. Qg2 Qd7 34. Rfb1 Qa7+ 35. Kf1 Ng4 36. Qg1 Rh1 37. Rb6 Rxg1+ 38. Kxg1 Qxa3 39. R1b3 Qc5+ 40. Kg2 Qf2+ 41. Kh3 Ne5 42. Rb2 Qf1+ 43. Rg2 Nf3 44. Rbb2 Qh1+ 45. Kg4 Ne5+ 46. Kf4 Qh6# 0-1

[Event "Titled Tuesday intern op 16th Jan Late"]
[Site "Chess.com INT"]
[Date "2024.01.16"]
[Round "8"]
[White "Kleiman, Jake"]
[Black "Gasparyan, Davit"]
[Result "0-1"]
[WhiteElo "2399"]
[BlackElo "2189"]
[PlyCount "144"]
[EventDate "2024.01.16"]
[EventType "swiss (blitz)"]
[EventRounds "11"]
[EventCountry "USA"]
[SourceTitle "CB04_2024"]
[SourceDate "2023.10.16"]
[SourceVersion "1"]
[SourceVersionDate "2023.10.16"]
[SourceQuality "1"]

1. e4 c5 2. c3 Nf6 3. e5 Nd5 4. Bc4 Nb6 5. Bb3 d5 6. exd6 exd6 7. Nf3 Be7 8. 0-0 0-0 9. d4 cxd4 10. Nxd4 Nc6 11. Re1 Bf6 12. Be3 Re8 13. Nb5 d5 14. N1a3 Be6 15. Nc2 Ne5 16. Bf4 Ng6 17. Bg3 Re7 18. Ne3 a6 19. Nd4 Qd7 20. f4 Bxd4 21. Qxd4 Nc4 22. f5 Bxf5 23. Nxd5 Rxe1+ 24. Rxe1 Na5 25. Bc2 Nc6 26. Bxf5 Qxf5 27. Qe4 Qxe4 28. Rxe4 Rd8 29. c4 f5 30. Re1 Nd4 31. Kf2 Rf8 32. Bd6 Rd8 33. c5 Nc6 34. b4 Kf7 35. Kf3 Re8 36. Rxe8 Kxe8 37. a3 Kf7 38. Ke3 Ke6 39. Nf4+ Nxf4 40. Kxf4 h6 41. h4 g6 42. Bf8 h5 43. Kg5 Kf7 44. Bd6 Nd4 45. Kf4 Nc2 46. Ke5 Nxa3 47. Kd5 Nc2 48. Kc4 Ne3+ 49. Kd4 Nxg2 50. Bg3 f4 51. Bf2 Kf6 52. Ke4 g5 53. Bd4+ Kg6 54. hxg5 Kxg5 55. Kf3 Nh4+ 56. Ke4 Nf5 57. Be5 Ng3+ 58. Kf3 Nf5 59. Bxf4+ Kg6 60. Be3 Nxe3 61. Kxe3 Kg5 62. Ke4 Kg4 63. Ke5 h4 64. Kd6 h3 65. Kc7 h2 66. Kxb7 h1Q+ 67. c6 Qd5 68. Kb6 Qb5+ 69. Ka7 Qxc6 70. Kb8 Qd7 71. Ka8 Kf5 72. Kb8 Ke5 0-1

[Event "Titled Tuesday intern op 24th Oct Late"]
[Site "Chess.com INT"]
[Date "2023.10.24"]
[Round "2"]
[White "Gasparyan, Davit"]
[Black "Osmonbekov, Talaibek D"]
[Result "1-0"]
[WhiteElo "2196"]
[BlackElo "2137"]
[PlyCount "59"]
[EventDate "2023.10.24"]
[EventType "swiss (blitz)"]
[EventRounds "11"]
[EventCountry "USA"]
[SourceTitle "Mega2024 Update 01"]
[Source "Chessbase"]
[SourceDate "2023.11.12"]
[SourceVersion "1"]
[SourceVersionDate "2023.11.12"]
[SourceQuality "1"]

1. d4 e6 2. c4 f5 3. Nf3 Nf6 4. Bg5 h6 5. Bf4 g5 6. Bd2 Bg7 7. e3 b6 8. Bd3 Bb7 9. d5 0-0 10. Nc3 Na6 11. Na4 Ne4 12. Nd4 exd5 13. f3 Nxd2 14. Qxd2 Bxd4 15. exd4 Re8+ 16. Kf2 Qf6 17. Qc3 c5 18. dxc5 Qxc3 19. Nxc3 Nxc5 20. Bxf5 dxc4 21. Rad1 Re7 22. Rd4 Rf8 23. Bb1 d5 24. Nxd5 Bxd5 25. Rxd5 Rfe8 26. Kg3 Re2 27. b4 cxb3 28. axb3 Nxb3 29. Bd3 R2e5 30. Bc4 1-0

[Event "Titled Tuesday intern op 22nd Aug Late"]
[Site "Chess.com INT"]
[Date "2023.08.22"]
[Round "5"]
[White "Akhayan, Ruben"]
[Black "Gasparyan, Davit"]
[Result "1-0"]
[WhiteElo "2249"]
[BlackElo "2157"]
[PlyCount "45"]
[EventDate "2023.08.22"]
[EventType "swiss (blitz)"]
[EventRounds "11"]
[EventCountry "USA"]
[SourceTitle "EXT 2024"]
[Source "ChessBase"]
[SourceDate "2023.10.10"]
[SourceVersion "1"]
[SourceVersionDate "2023.10.10"]
[SourceQuality "1"]

1. e4 c5 2. Nf3 Nc6 3. Nc3 e6 4. d4 cxd4 5. Nxd4 a6 6. Bc4 Nf6 7. Bb3 Bc5 8. Nxc6 bxc6 9. e5 Nd5 10. Ne4 Be7 11. c4 Nc7 12. Nd6+ Kf8 13. 0-0 Ne8 14. c5 a5 15. Qh5 Bxd6 16. cxd6 a4 17. Bc4 f5 18. Bg5 Nf6 19. exf6 gxf6 20. Bh6+ Kg8 21. Qxf5 Qe8 22. Qxf6 Qg6 23. Qf8# 1-0

[Event "Titled Tuesday intern op 15th Aug Late"]
[Site "Chess.com INT"]
[Date "2023.08.15"]
[Round "9"]
[White "Topalov, Aleksandar"]
[Black "Gasparyan, Davit"]
[Result "1-0"]
[WhiteElo "2233"]
[BlackElo "2157"]
[PlyCount "67"]
[EventDate "2023.08.15"]
[EventType "swiss (blitz)"]
[EventRounds "11"]
[EventCountry "USA"]
[SourceTitle "EXT 2024"]
[Source "ChessBase"]
[SourceDate "2023.10.10"]
[SourceVersion "1"]
[SourceVersionDate "2023.10.10"]
[SourceQuality "1"]

1. b3 d5 2. Bb2 Bf5 3. Nf3 Nc6 4. e3 a6 5. a3 Qd7 6. c4 e6 7. Be2 Bd6 8. 0-0 Nf6 9. d3 0-0-0 10. Nbd2 h5 11. b4 dxc4 12. Nxc4 h4 13. e4 h3 14. g3 Bg6 15. e5 Be7 16. exf6 gxf6 17. d4 Qd5 18. Ne3 Qd7 19. Qa4 Be4 20. b5 Nb8 21. Nd2 Bg2 22. Rfc1 f5 23. d5 f4 24. Ng4 fxg3 25. hxg3 Bxd5 26. Nh2 Bg5 27. Ndf3 Bxc1 28. Rxc1 Rh5 29. Ne5 Qd6 30. bxa6 bxa6 31. Nc4 Bxc4 32. Qxc4 Rd5 33. Bf3 Rd2 34. Bc3 1-0

[Event "Titled Tuesday intern op 08th Aug Late"]
[Site "Chess.com INT"]
[Date "2023.08.08"]
[Round "4"]
[White "Henriquez Villagra, Cristobal"]
[Black "Gasparyan, Davit"]
[Result "1/2-1/2"]
[WhiteElo "2626"]
[BlackElo "2157"]
[PlyCount "136"]
[EventDate "2023.08.08"]
[EventType "swiss (blitz)"]
[EventRounds "11"]
[EventCountry "USA"]
[SourceTitle "EXT 2024"]
[Source "ChessBase"]
[SourceDate "2023.10.10"]
[SourceVersion "1"]
[SourceVersionDate "2023.10.10"]
[SourceQuality "1"]

1. Nf3 c5 2. g3 g6 3. Bg2 Bg7 4. 0-0 Nf6 5. Re1 d5 6. d3 0-0 7. Nbd2 Nc6 8. e4 b6 9. exd5 Nxd5 10. Nc4 Bb7 11. c3 Qc7 12. a4 Rad8 13. Qb3 Nf6 14. Bf4 Qc8 15. Rad1 Nd5 16. Bc1 h6 17. a5 Nxa5 18. Nxa5 bxa5 19. Ne5 e6 20. Nc4 Qc7 21. Qa3 Nb6 22. Nxa5 Bxg2 23. Kxg2 Rd5 24. Kg1 Rfd8 25. Be3 h5 26. Qb3 h4 27. Nc4 h3 28. Nxb6 axb6 29. Qc4 Qd7 30. Qg4 e5 31. Qxd7 R8xd7 32. Kf1 Rxd3 33. Rxd3 Rxd3 34. Ra1 e4 35. Ra6 Rd6 36. Ke2 Rc6 37. Ra8+ Kh7 38. Bc1 f5 39. c4 Bd4 40. b3 Rd6 41. Ra7+ Kg8 42. Bf4 Rd8 43. Rb7 Ra8 44. Rb8+ Rxb8 45. Bxb8 Bc3 46. Bc7 Ba5 47. f3 exf3+ 48. Kxf3 Kf7 49. g4 Ke6 50. Kg3 Kd7 51. Bf4 Bc3 52. Kxh3 fxg4+ 53. Kxg4 Bf6 54. Bg5 Be5 55. h4 Bd6 56. Bf4 Be7 57. Bg3 Bf6 58. Bf4 Be7 59. Bg5 Bd6 60. Bf6 Ke6 61. Bd8 Ke5 62. Bxb6 Kd4 63. b4 Kxc4 64. Bxc5 Be5 65. Kg5 Bg3 66. Be7 Kb5 67. Kxg6 Bxh4 68. Bxh4 Kxb4 1/2-1/2

[Event "Titled Tuesday intern op 08th Aug Late"]
[Site "Chess.com INT"]
[Date "2023.08.08"]
[Round "5"]
[White "Troff, Kayden W"]
[Black "Gasparyan, Davit"]
[Result "0-1"]
[WhiteElo "2483"]
[BlackElo "2157"]
[PlyCount "58"]
[EventDate "2023.08.08"]
[EventType "swiss (blitz)"]
[EventRounds "11"]
[EventCountry "USA"]
[SourceTitle "EXT 2024"]
[Source "ChessBase"]
[SourceDate "2023.10.10"]
[SourceVersion "1"]
[SourceVersionDate "2023.10.10"]
[SourceQuality "1"]

1. d4 Nf6 2. Nf3 d6 3. Bg5 Nbd7 4. Nbd2 g6 5. e3 Bg7 6. Bd3 0-0 7. h4 h6 8. Bxf6 Nxf6 9. c3 Bg4 10. Qb3 c5 11. dxc5 dxc5 12. Bc4 Qc7 13. h5 Bxh5 14. Nh4 a6 15. a4 e6 16. Nf1 b5 17. Be2 Bxe2 18. Kxe2 bxa4 19. Qxa4 Rab8 20. Ra2 Nd5 21. Qe4 Rxb2+ 22. Kf3 Rxa2 23. Nh2 Qe5 24. Qc4 Qf6+ 25. Kg4 Rxf2 26. Kg3 Nxe3 27. Qe4 Re2 28. Kh3 Nxg2 29. Qxe2 Nf4+ 0-1

[Event "Titled Tuesday intern op 11th Jul Late"]
[Site "Chess.com INT"]
[Date "2023.07.11"]
[Round "4"]
[White "Gasparyan, Davit"]
[Black "Daianu, Cristian Clement"]
[Result "0-1"]
[WhiteElo "2142"]
[BlackElo "2153"]
[PlyCount "48"]
[EventDate "2023.07.11"]
[EventType "swiss (blitz)"]
[EventRounds "11"]
[EventCountry "USA"]
[SourceTitle "EXT 2024"]
[Source "ChessBase"]
[SourceDate "2023.10.10"]
[SourceVersion "1"]
[SourceVersionDate "2023.10.10"]
[SourceQuality "1"]

1. d4 f5 2. h4 Nf6 3. Nh3 e6 4. g3 d6 5. Bg2 Be7 6. c4 0-0 7. 0-0 a5 8. Nc3 Bd7 9. Nf4 e5 10. dxe5 dxe5 11. Nd3 Ng4 12. Bxb7 Bc6 13. Bxc6 Nxc6 14. Nd5 Bxh4 15. Nc5 Nd4 16. e3 Nxf2 17. Rxf2 Bxg3 18. Rg2 f4 19. exd4 Qh4 20. Qf3 Rae8 21. Bd2 Kh8 22. Rf1 Rf5 23. dxe5 Rh5 24. Bxf4 Qh1# 0-1

[Event "Titled Tuesday intern op 11th Jul Late"]
[Site "Chess.com INT"]
[Date "2023.07.11"]
[Round "5"]
[White "Tsyhanchuk, Stanislav"]
[Black "Gasparyan, Davit"]
[Result "0-1"]
[WhiteElo "2273"]
[BlackElo "2142"]
[PlyCount "42"]
[EventDate "2023.07.11"]
[EventType "swiss (blitz)"]
[EventRounds "11"]
[EventCountry "USA"]
[SourceTitle "EXT 2024"]
[Source "ChessBase"]
[SourceDate "2023.10.10"]
[SourceVersion "1"]
[SourceVersionDate "2023.10.10"]
[SourceQuality "1"]

1. e4 c5 2. Nf3 e6 3. d4 cxd4 4. Nxd4 Qc7 5. c4 a6 6. Nc3 Nf6 7. Be3 Bb4 8. f3 Bxc3+ 9. bxc3 0-0 10. Be2 d5 11. 0-0 dxc4 12. Qa4 b5 13. Qa3 Bb7 14. Rfd1 Nbd7 15. Nc2 Rfd8 16. Bf2 Nh5 17. Bf1 Ne5 18. Nd4 Rac8 19. g4 Rxd4 20. Bxd4 Nxf3+ 21. Kh1 Qxh2# 0-1

[Event "Titled Tuesday intern op 04th Jul Late"]
[Site "Chess.com INT"]
[Date "2023.07.04"]
[Round "1"]
[White "Gasparyan, Davit"]
[Black "Garcia Correa, Jose Ricardo"]
[Result "1-0"]
[WhiteElo "2142"]
[BlackElo "2103"]
[PlyCount "81"]
[EventDate "2023.07.04"]
[EventType "swiss (blitz)"]
[EventRounds "11"]
[EventCountry "USA"]
[SourceTitle "EXT 2024"]
[Source "ChessBase"]
[SourceDate "2023.10.10"]
[SourceVersion "1"]
[SourceVersionDate "2023.10.10"]
[SourceQuality "1"]

1. Nf3 Nf6 2. g3 g6 3. Bg2 Bg7 4. 0-0 d6 5. c4 Nc6 6. Nc3 0-0 7. d3 e5 8. Rb1 a5 9. a3 Ne7 10. Bd2 c6 11. b4 axb4 12. axb4 Nh5 13. b5 f5 14. Qb3 Kh8 15. Ra1 Bd7 16. Ra2 Rxa2 17. Nxa2 d5 18. Bb4 e4 19. Nd2 Be6 20. Rd1 Qc7 21. Qa3 Re8 22. cxd5 Nxd5 23. Bd6 Qd7 24. dxe4 fxe4 25. Nxe4 cxb5 26. Ng5 b4 27. Bxb4 Nhf6 28. e4 Qb5 29. exd5 Bg4 30. Nc3 Qc4 31. Bf1 Qc8 32. Rc1 Qd7 33. Bb5 Qf5 34. Bxe8 Qxg5 35. Re1 Bh3 36. Qa8 h5 37. Bxg6+ Ng8 38. Bf7 Bd4 39. Qxg8+ Qxg8 40. Bxg8 Kxg8 41. Re4 1-0

[Event "Titled Tuesday intern op 04th Jul Late"]
[Site "Chess.com INT"]
[Date "2023.07.04"]
[Round "4"]
[White "Morefield, Jason P"]
[Black "Gasparyan, Davit"]
[Result "1-0"]
[WhiteElo "2226"]
[BlackElo "2142"]
[PlyCount "127"]
[EventDate "2023.07.04"]
[EventType "swiss (blitz)"]
[EventRounds "11"]
[EventCountry "USA"]
[SourceTitle "EXT 2024"]
[Source "ChessBase"]
[SourceDate "2023.10.10"]
[SourceVersion "1"]
[SourceVersionDate "2023.10.10"]
[SourceQuality "1"]

1. e4 c5 2. Nf3 Nc6 3. Bb5 Qb6 4. Bxc6 dxc6 5. 0-0 g6 6. a4 a5 7. Na3 Qc7 8. d3 Bg7 9. Re1 Nf6 10. e5 Nd5 11. Nc4 b5 12. axb5 cxb5 13. Nd6+ Kf8 14. Nxb5 Qb6 15. c4 Nb4 16. Ng5 Bb7 17. Be3 Bxe5 18. d4 cxd4 19. Nxd4 Qf6 20. f4 Bd6 21. c5 Bc7 22. Nde6+ fxe6 23. Bd4 e5 24. Rxe5 Bxe5 25. Bxe5 Qc6 26. Qg4 Qxg2+ 27. Qxg2 Bxg2 28. Bxh8 Bd5 29. Bc3 Rc8 30. Rxa5 Nd3 31. b4 Nxf4 32. Bd2 Ne2+ 33. Kf2 Nd4 34. Nxh7+ Ke8 35. Ng5 Nb3 36. Ra2 Nxc5 37. Ra5 Nd3+ 38. Ke3 Bc4 39. Ra7 Ne5 40. h3 Rd8 41. Ne4 Rd3+ 42. Kf4 Nc6 43. Ra8+ Kf7 44. Bc3 e6 45. Ng5+ Ke7 46. Bg7 Nxb4 47. Ra7+ Kd6 48. Bf8+ Kd5 49. Bxb4 Rd4+ 50. Ke3 Rd3+ 51. Kf2 Rb3 52. Ra5+ Kc6 53. Bd2 Bd5 54. Be3 Rb2+ 55. Kg3 Re2 56. Bf2 Rc2 57. Ra3 Kd7 58. h4 Ke7 59. Re3 Rc4 60. Be1 Kf6 61. Bc3+ Kf5 62. Re5+ Kf6 63. Rxe6+ Kf5 64. Rf6# 1-0

[Event "Titled Tuesday intern op 27th Jun Late"]
[Site "Chess.com INT"]
[Date "2023.06.27"]
[Round "3"]
[White "Martinez Ramirez, Lennis"]
[Black "Gasparyan, Davit"]
[Result "1-0"]
[WhiteElo "2426"]
[BlackElo "2142"]
[PlyCount "61"]
[EventDate "2023.06.27"]
[EventType "swiss (blitz)"]
[EventRounds "11"]
[EventCountry "USA"]
[SourceTitle "EXT 2024"]
[Source "ChessBase"]
[SourceDate "2023.10.10"]
[SourceVersion "1"]
[SourceVersionDate "2023.10.10"]
[SourceQuality "1"]

1. Nf3 Nf6 2. c4 d5 3. cxd5 Nxd5 4. e4 Nb6 5. d4 g6 6. h4 h5 7. Be2 Bg4 8. Nc3 Bg7 9. Ng5 Bxe2 10. Nxe2 c5 11. d5 N8d7 12. a4 Ne5 13. a5 Nbc4 14. f4 Nd7 15. Qa4 Nxb2 16. Bxb2 Bxb2 17. Rb1 Bg7 18. Rxb7 Qc8 19. a6 c4 20. e5 0-0 21. Qxd7 Qc5 22. Qxe7 Qa5+ 23. Kf2 Rae8 24. Qd6 Rd8 25. Qc6 Rxd5 26. Qxc4 Rc5 27. Ra1 Qxa1 28. Qxc5 Qxa6 29. Qxa7 Qc4 30. e6 Qc2 31. Rxf7 1-0

[Event "Titled Tuesday intern op 13th Jun Late"]
[Site "Chess.com INT"]
[Date "2023.06.13"]
[Round "4"]
[White "Avila Bautista, Roberto Al"]
[Black "Gasparyan, Davit"]
[Result "1-0"]
[WhiteElo "2251"]
[BlackElo "2142"]
[PlyCount "127"]
[EventDate "2023.06.13"]
[EventType "swiss (blitz)"]
[EventRounds "11"]
[EventCountry "USA"]
[SourceTitle "EXT 2024"]
[Source "ChessBase"]
[SourceDate "2023.10.10"]
[SourceVersion "1"]
[SourceVersionDate "2023.10.10"]
[SourceQuality "1"]

1. Nf3 Nf6 2. c4 g6 3. b3 d6 4. Bb2 Bg7 5. g3 e5 6. Nc3 0-0 7. Bg2 Nc6 8. 0-0 h6 9. Rc1 Nh5 10. d4 exd4 11. Nb5 Ne5 12. Bxd4 c6 13. Nc3 Re8 14. Qd2 Qf6 15. Rfd1 Bg4 16. Ne4 Qe7 17. h3 Bf5 18. Nc3 Nf6 19. Nxe5 dxe5 20. Be3 Rad8 21. Qe1 Qa3 22. Rxd8 Rxd8 23. Rd1 Rxd1 24. Qxd1 Bf8 25. g4 Be6 26. Qd8 Kh7 27. Qxf6 Qd6 28. Ne4 Qd1+ 29. Kh2 Bg7 30. Qe7 Qxe2 31. Nf6+ Bxf6 32. Qxf6 Qb2 33. Bf4 Qxf2 34. Bxe5 Qxf6 35. Bxf6 Kg8 36. Kg3 Kf8 37. Kf4 Ke8 38. Ke5 Kd7 39. Bf3 a5 40. h4 b5 41. cxb5 cxb5 42. h5 gxh5 43. gxh5 a4 44. bxa4 bxa4 45. a3 Bc4 46. Bg7 Ke7 47. Bxh6 f6+ 48. Kf4 Kf7 49. Kg3 Kg8 50. Bd2 Kf7 51. h6 Bd3 52. Bc6 Bc2 53. Kf4 Ke6 54. Be4 Bxe4 55. Kxe4 f5+ 56. Kf4 Kf6 57. Bc3+ Kg6 58. Bg7 Kf7 59. Kxf5 Kg8 60. Bd4 Kh7 61. Kg5 Kg8 62. Kg6 Kf8 63. h7 Ke7 64. h8Q 1-0